| 000 | 00732nam a22002297a 4500 | ||
|---|---|---|---|
| 008 | 180526b xxu||||| |||| 00| 0 eng d | ||
| 010 | _aA-899876 | ||
| 020 |
_a8170366429 _c0.00 |
||
| 035 | _aA-899876 | ||
| 037 | _bBPPD/PUB | ||
| 040 |
_adpl _bEnglish |
||
| 082 | _a954.08 | ||
| 100 | _aTrautmann, Thomas R. | ||
| 245 |
_aAryans and british India / _cby Thomas R. Trautmann |
||
| 260 |
_aNew Delhi _bVIstar Publications _c1997 |
||
| 270 |
_aM-32, Greater Kailash Market, Part-1 _bNew Delhi _e110048 |
||
| 300 |
_axx, 260p. _c22cm (Hb) |
||
| 500 | _aIncludes bibliographical references and index | ||
| 650 | _aRamanandis | ||
| 650 |
_aVaishnavism _xSocial aspects |
||
| 942 |
_2ddc _cEN _mTRA _h954.08 |
||
| 999 |
_c152303 _d152303 |
||